[Event "SWE-chT 2223 Elite"]
[Site "Sweden"]
[Date "2023.03.11"]
[Round "8.2"]
[White "Berg, Emanuel"]
[Black "Danchevski, Orce"]
[Result "1-0"]
[WhiteElo "2506"]
[BlackElo "2336"]
[PlyCount "85"]
[EventDate "2022.10.14"]
[EventType "team-tourn"]
[EventRounds "9"]
[EventCountry "SWE"]
[SourceTitle "CBM 214 Extra"]
[Source "ChessBase"]
[SourceDate "2023.07.31"]
[SourceVersion "1"]
[SourceVersionDate "2023.07.31"]
[SourceQuality "1"]
[WhiteTeam "Wasa"]
[BlackTeam "Eksjo"]
[WhiteTeamCountry "SWE"]
[BlackTeamCountry "SWE"]

1. e4 c5 2. Nf3 d6 3. d4 Nf6 4. Nc3 cxd4 5. Nxd4 Nc6 6. Bg5 e6 7. Qd2 a6 8. 0-0-0 Bd7 9. f3 h6 10. Be3 Nxd4 11. Qxd4 e5 12. Qd2 Be6 13. g4 Rc8 14. Kb1 Qa5 15. Nd5 Qxd2 16. Nxf6+ Ke7 17. Rxd2 Kxf6 18. h4 g6 19. Be2 Kg7 20. f4 Be7 21. f5 Bd7 22. h5 Bc6 23. Bf3 Bg5 24. Bxg5 hxg5 25. Rxd6 gxf5 26. gxf5 Rh6 27. f6+ Kh8 28. Bg4 Rg8 29. Re1 Rf8 30. c4 Kg8 31. Kc2 Rh8 32. Kd3 Kh7 33. h6 Rhg8 34. Bf5+ Rg6 35. Rg1 Rfg8 36. Ke3 g4 37. Rxg4 Kxh6 38. Bxg6 Rxg6 39. Rxg6+ Kxg6 40. b3 Kg5 41. a4 Kg6 42. a5 Kg5 43. b4 1-0

[Event "Olympiad-44"]
[Site "Chennai"]
[Date "2022.07.31"]
[Round "3.4"]
[White "Warmerdam, Max"]
[Black "Berg, Emanuel"]
[Result "1-0"]
[WhiteElo "2610"]
[BlackElo "2533"]
[PlyCount "67"]
[EventDate "2022.07.29"]
[EventType "team-swiss"]
[EventRounds "11"]
[EventCountry "IND"]
[SourceTitle "CBM 210"]
[Source "ChessBase"]
[SourceDate "2022.10.31"]
[SourceVersion "1"]
[SourceVersionDate "2022.10.31"]
[SourceQuality "1"]
[WhiteTeam "Netherlands"]
[BlackTeam "Sweden"]
[WhiteTeamCountry "NED"]
[BlackTeamCountry "SWE"]

1. Nf3 c5 2. e4 d6 3. d4 cxd4 4. Qxd4 a6 5. h3 Nc6 6. Qe3 Nf6 7. Be2 e6 8. 0-0 Be7 9. Rd1 Qc7 10. c4 0-0 11. Nc3 Rd8 12. b3 Bd7 13. Ba3 Be8 14. Rac1 Qa5 15. Bb2 Ne5 16. Nd4 Ng6 17. a3 h6 18. Bf1 Qg5 19. Qe1 h5 20. Nf3 Qh6 21. Rc2 h4 22. Bc1 Nf4 23. Kh1 e5 24. c5 dxc5 25. Nxe5 g5 26. Nd5 N6xd5 27. exd5 Nxd5 28. Bc4 Nb6 29. Ng4 Qf8 30. Rxd8 Bxd8 31. Bd3 Bc6 32. Bb2 Nd5 33. Qe4 Nf6 34. Nxf6+ 1-0

[Event "SWE-chT 1920 Elite"]
[Site "Sweden"]
[Date "2020.01.19"]
[Round "6.3"]
[White "Berg, Emanuel"]
[Black "Andersson, Tommy"]
[Result "1-0"]
[WhiteElo "2536"]
[BlackElo "2391"]
[PlyCount "65"]
[EventDate "2019.10.18"]
[EventType "team-tourn"]
[EventRounds "9"]
[EventCountry "SWE"]
[SourceTitle "CBM 195 Extra"]
[Source "ChessBase"]
[SourceDate "2020.05.31"]
[SourceVersion "1"]
[SourceVersionDate "2020.05.31"]
[SourceQuality "1"]
[WhiteTeam "Wasa"]
[BlackTeam "Burgsvik Alva"]
[WhiteTeamCountry "SWE"]
[BlackTeamCountry "SWE"]

1. e4 c5 2. Nf3 d6 3. d4 cxd4 4. Nxd4 Nf6 5. Nc3 a6 6. Bg5 Nbd7 7. Bc4 Qb6 8. Bb3 e6 9. Qd2 Be7 10. 0-0-0 Nc5 11. Rhe1 0-0 12. f4 h6 13. h4 Qc7 14. Kb1 b5 15. e5 Ne8 16. Bxe7 Qxe7 17. Qf2 Nxb3 18. axb3 Bb7 19. g4 Rd8 20. g5 dxe5 21. Rxe5 b4 22. Na4 f6 23. Rxe6 Qf7 24. Rde1 fxg5 25. hxg5 hxg5 26. Nc5 Bc8 27. Nc6 Rd1+ 28. Rxd1 Bxe6 29. Qe2 Nc7 30. Nd8 Qe7 31. Ndxe6 gxf4 32. Rd7 f3 33. Qf2 1-0

[Event "NOR-chT Elite 1920"]
[Site "Norway"]
[Date "2020.01.18"]
[Round "5.2"]
[White "Predojevic, Borki"]
[Black "Berg, Emanuel"]
[Result "1/2-1/2"]
[WhiteElo "2609"]
[BlackElo "2544"]
[PlyCount "37"]
[EventDate "2019.11.01"]
[EventType "team-tourn"]
[EventRounds "9"]
[EventCountry "NOR"]
[SourceTitle "CBM 195 Extra"]
[Source "ChessBase"]
[SourceDate "2020.05.31"]
[SourceVersion "1"]
[SourceVersionDate "2020.05.31"]
[SourceQuality "1"]
[WhiteTeam "Valerenga"]
[BlackTeam "OSS"]
[WhiteTeamCountry "NOR"]
[BlackTeamCountry "NOR"]

1. d4 Nf6 2. c4 g6 3. g3 Bg7 4. Bg2 0-0 5. Nf3 c5 6. 0-0 cxd4 7. Nxd4 Nc6 8. Nc3 Ng4 9. e3 Nge5 10. b3 d6 11. h3 Bd7 12. Nde2 Nb4 13. e4 f5 14. f4 Qb6+ 15. Kh2 Ned3 16. a3 Nxc1 17. Rxc1 Nc6 18. e5 Be6 19. exd6 1/2-1/2

[Event "PRO League Stage"]
[Site "Chess.com INT"]
[Date "2020.01.13"]
[Round "2"]
[White "Berg, Emanuel"]
[Black "Asis Gargatagli, Hipolito"]
[Result "1/2-1/2"]
[WhiteElo "2544"]
[BlackElo "2490"]
[PlyCount "111"]
[EventDate "2020.01.06"]
[EventType "team-swiss (rapid)"]
[EventRounds "7"]
[EventCountry "USA"]
[SourceTitle "CBM 194 Extra"]
[Source "ChessBase"]
[SourceDate "2020.03.31"]
[SourceVersion "1"]
[SourceVersionDate "2020.03.31"]
[SourceQuality "1"]
[WhiteTeam "Sweden Wasabis"]
[BlackTeam "Spain Raptors"]
[WhiteTeamCountry "SWE"]
[BlackTeamCountry "ESP"]

1. e4 c6 2. Nf3 d5 3. exd5 cxd5 4. Ne5 Nf6 5. d4 g6 6. Bd3 Bg7 7. 0-0 0-0 8. Nd2 Nfd7 9. Nef3 Nc6 10. c3 e5 11. dxe5 Ndxe5 12. Be2 Re8 13. Nb3 Nc4 14. Nbd4 Qb6 15. b3 Nd6 16. Be3 Qa5 17. Nxc6 bxc6 18. Bd4 Bxd4 19. cxd4 Bg4 20. h3 Ne4 21. Rc1 Bxf3 22. Bxf3 Nd2 23. Re1 Nxf3+ 24. gxf3 Qxa2 25. Rxc6 Qb2 26. Kg2 Rxe1 27. Qxe1 Qxd4 28. Qe7 a5 29. Rc7 Qf4 30. Rd7 d4 31. Rd8+ Rxd8 32. Qxd8+ Kg7 33. Qxa5 h5 34. Qd5 f6 35. b4 Qd2 36. b5 Qb4 37. Qb7+ Kh6 38. b6 d3 39. Qd5 Qxb6 40. Qxd3 Qc7 41. Qe3+ Kg7 42. Qe6 g5 43. Qf5 Qc6 44. Kg1 h4 45. Kg2 Kf7 46. Qh7+ Ke6 47. Qg8+ Ke5 48. Qb3 Qd5 49. Qc3+ Ke6 50. Qc8+ Ke7 51. Qc7+ Kf8 52. Qc8+ Kf7 53. Qc7+ Kg6 54. Qc8 Qf7 55. Qg4 Qd5 56. Qc8 1/2-1/2

[Event "PRO League Stage"]
[Site "Chess.com INT"]
[Date "2020.01.13"]
[Round "2"]
[White "Forcen Esteban, Daniel"]
[Black "Berg, Emanuel"]
[Result "0-1"]
[WhiteElo "2548"]
[BlackElo "2544"]
[PlyCount "88"]
[EventDate "2020.01.06"]
[EventType "team-swiss (rapid)"]
[EventRounds "7"]
[EventCountry "USA"]
[SourceTitle "CBM 194 Extra"]
[Source "ChessBase"]
[SourceDate "2020.03.31"]
[SourceVersion "1"]
[SourceVersionDate "2020.03.31"]
[SourceQuality "1"]
[WhiteTeam "Spain Raptors"]
[BlackTeam "Sweden Wasabis"]
[WhiteTeamCountry "ESP"]
[BlackTeamCountry "SWE"]

1. d4 Nf6 2. c4 g6 3. Nc3 Bg7 4. e4 d6 5. Nge2 c5 6. d5 e6 7. Ng3 exd5 8. exd5 0-0 9. Be2 Re8 10. 0-0 a6 11. Bf4 b6 12. Re1 Ra7 13. Bd3 Rxe1+ 14. Qxe1 Re7 15. Qd2 Ne8 16. Nce4 Qc7 17. Re1 Nd7 18. Bg5 f6 19. Be3 Ne5 20. Bf1 Nf7 21. h4 Qd7 22. h5 g5 23. b3 h6 24. f4 Qg4 25. fxg5 fxg5 26. Bf2 Ne5 27. b4 Qf4 28. Be3 Qh4 29. Be2 Nf6 30. Nxd6 Qxg3 31. Bf2 Nf3+ 32. Bxf3 Rxe1+ 33. Qxe1 Qxd6 34. bxc5 bxc5 35. Be4 Bf8 36. Bg6 Bd7 37. Bg3 Qe7 38. Qf2 Ng4 39. Qf3 Qe3+ 40. Kf1 Qxf3+ 41. gxf3 Ne3+ 42. Ke2 Nxc4 43. Kd3 Bd6 44. Bf2 Ne5+ 0-1

[Event "Malmo Torso"]
[Site "Malmo"]
[Date "2019.11.30"]
[Round "5"]
[White "Agrest, Evgenij"]
[Black "Berg, Emanuel"]
[Result "1-0"]
[WhiteElo "2583"]
[BlackElo "2544"]
[PlyCount "115"]
[EventDate "2019.11.30"]
[EventType "tourn (rapid)"]
[EventRounds "14"]
[EventCountry "SWE"]
[EventCategory "11"]
[SourceTitle "CBM 193 Extra"]
[Source "ChessBase"]
[SourceDate "2020.01.31"]
[SourceVersion "1"]
[SourceVersionDate "2020.01.31"]
[SourceQuality "1"]

1. Nf3 Nf6 2. b3 d6 3. Bb2 e5 4. e3 Be7 5. c4 0-0 6. Nc3 Re8 7. d3 h6 8. g3 Bf8 9. Bg2 c6 10. 0-0 Bf5 11. e4 Bh7 12. Re1 Nbd7 13. b4 a5 14. a3 Qb6 15. Na4 Qc7 16. Qc2 Ra7 17. Nc3 axb4 18. axb4 Rea8 19. Rxa7 Rxa7 20. Qb3 Be7 21. d4 exd4 22. Nxd4 Ra8 23. h3 Ne5 24. Nd1 Re8 25. f4 Ned7 26. Nf2 Qb6 27. Qc3 Bf8 28. Kh2 c5 29. bxc5 Nxc5 30. Qc2 Nfxe4 31. Nxe4 Bxe4 32. Bxe4 Rxe4 33. Rxe4 Nxe4 34. Qxe4 Qxb2+ 35. Ne2 b5 36. cxb5 Qxb5 37. Kg2 d5 38. Qe5 Bd6 39. Qe3 Bc5 40. Qe5 Bd6 41. Qe3 Qc4 42. h4 h5 43. Kf3 Kf8 44. Qb6 Qe4+ 45. Kf2 Qe6 46. Qd8+ Qe8 47. Qxd6+ Kg8 48. Qxd5 g6 49. f5 Kg7 50. Nf4 Qe7 51. Qd4+ Kh7 52. fxg6+ fxg6 53. Qd3 Qc5+ 54. Kf3 Qc6+ 55. Nd5 Kg7 56. Qd4+ Kh7 57. Qe4 Qd6 58. Qe7+ 1-0

[Event "Malmo Torso"]
[Site "Malmo"]
[Date "2019.11.30"]
[Round "7"]
[White "Berg, Emanuel"]
[Black "Hellers, Ferdinand"]
[Result "1-0"]
[WhiteElo "2544"]
[BlackElo "2595"]
[PlyCount "70"]
[EventDate "2019.11.30"]
[EventType "tourn (rapid)"]
[EventRounds "14"]
[EventCountry "SWE"]
[EventCategory "11"]
[SourceTitle "CBM 193 Extra"]
[Source "ChessBase"]
[SourceDate "2020.01.31"]
[SourceVersion "1"]
[SourceVersionDate "2020.01.31"]
[SourceQuality "1"]

1. e4 e5 2. Nf3 Nc6 3. d4 exd4 4. Nxd4 Bc5 5. Be3 Qf6 6. c3 Nge7 7. Bc4 0-0 8. 0-0 Bb6 9. Re1 Nxd4 10. Bxd4 Bxd4 11. Qxd4 Qxd4 12. cxd4 d6 13. Nc3 Bd7 14. Rac1 c6 15. Bb3 Ng6 16. g3 Rfe8 17. f4 Ne7 18. Kf2 Kf8 19. Kf3 Be6 20. Bc2 Rad8 21. a3 f6 22. Rcd1 f5 23. e5 dxe5 24. dxe5 Nd5 25. Nxd5 Rxd5 26. Rxd5 Bxd5+ 27. Ke3 g6 28. b4 Rd8 29. Rd1 Ke7 30. h4 Be6 31. Rxd8 Kxd8 32. Kd4 Kc7 33. Kc5 b6+ 34. Kd4 Kd7 35. Bd3 Kc7 1-0

[Event "Malmo Torso"]
[Site "Malmo"]
[Date "2019.11.30"]
[Round "1"]
[White "Brynell, Stellan"]
[Black "Berg, Emanuel"]
[Result "1-0"]
[WhiteElo "2412"]
[BlackElo "2544"]
[PlyCount "101"]
[EventDate "2019.11.30"]
[EventType "tourn (rapid)"]
[EventRounds "14"]
[EventCountry "SWE"]
[EventCategory "11"]
[SourceTitle "CBM 193 Extra"]
[Source "ChessBase"]
[SourceDate "2020.01.31"]
[SourceVersion "1"]
[SourceVersionDate "2020.01.31"]
[SourceQuality "1"]

1. d4 Nf6 2. Nf3 g6 3. c4 Bg7 4. Nc3 d6 5. e4 0-0 6. Be2 e5 7. dxe5 dxe5 8. Qxd8 Rxd8 9. Bg5 c6 10. Nxe5 Re8 11. 0-0-0 Na6 12. Rd6 Rxe5 13. Bxf6 Bxf6 14. Rxf6 Nc5 15. Rd6 Nxe4 16. Rd8+ Kg7 17. Nxe4 Rxe4 18. Bf3 Rxc4+ 19. Kd2 b6 20. b3 Rc5 21. b4 Rc4 22. Rc1 Rxc1 23. Kxc1 Bb7 24. Rd7 Ba6 25. Kd2 Bc4 26. a3 a5 27. Bxc6 Rc8 28. b5 Rb8 29. Kc3 Be6 30. Rc7 Kf6 31. f4 Kf5 32. g3 Kg4 33. Bg2 h5 34. Kd4 h4 35. gxh4 Kxf4 36. Rc6 Rd8+ 37. Kc3 Rb8 38. Kd4 Kg4 39. Ke5 Kxh4 40. Kd6 Bf5 41. Kc7 Re8 42. Rxb6 Re2 43. Bd5 Rxh2 44. Bxf7 Rh3 45. Bxg6 Bxg6 46. Rxg6 Rxa3 47. b6 Rc3+ 48. Rc6 Rb3 49. b7 a4 50. b8Q Rxb8 51. Kxb8 1-0

[Event "Malmo Torso"]
[Site "Malmo"]
[Date "2019.11.30"]
[Round "3"]
[White "Hector, Jonny"]
[Black "Berg, Emanuel"]
[Result "0-1"]
[WhiteElo "2478"]
[BlackElo "2544"]
[PlyCount "148"]
[EventDate "2019.11.30"]
[EventType "tourn (rapid)"]
[EventRounds "14"]
[EventCountry "SWE"]
[EventCategory "11"]
[SourceTitle "CBM 193 Extra"]
[Source "ChessBase"]
[SourceDate "2020.01.31"]
[SourceVersion "1"]
[SourceVersionDate "2020.01.31"]
[SourceQuality "1"]

1. e4 e6 2. d4 d5 3. Nc3 Bb4 4. a3 Bxc3+ 5. bxc3 dxe4 6. Qg4 Nf6 7. Qxg7 Rg8 8. Qh6 Rg6 9. Qd2 b6 10. Nh3 Bb7 11. Nf4 Rg8 12. Be2 Nc6 13. 0-0 e5 14. dxe5 Qxd2 15. Bxd2 Nxe5 16. Be3 0-0-0 17. Bd4 Nfd7 18. Rfe1 c5 19. Be3 Nf6 20. a4 a5 21. h3 Kc7 22. Kf1 Rge8 23. Nh5 Nxh5 24. Bxh5 Bd5 25. Bf4 Kb7 26. Kg1 Rg8 27. Kh2 Nc6 28. Rad1 Rge8 29. Rxd5 Rxd5 30. Bxf7 Rf5 31. Bxe8 Rxf4 32. Kg3 Rf8 33. Bxc6+ Kxc6 34. Rxe4 b5 35. axb5+ Kxb5 36. f4 a4 37. Kf3 a3 38. Re1 Kc4 39. Ra1 Ra8 40. f5 Kxc3 41. g4 Kb2 42. Rh1 a2 43. g5 Kxc2 44. f6 a1Q 45. Rxa1 Rxa1 46. h4 c4 47. h5 c3 48. Ke2 Kb3 49. f7 Ra8 50. g6 c2 51. g7 c1Q 52. f8Q Ra2+ 53. Kf3 Qf1+ 54. Ke4 Re2+ 55. Kd5 Rd2+ 56. Kc5 Rc2+ 57. Kb6 Qg1+ 58. Kb5 Qg5+ 59. Kb6 Qg1+ 60. Kb5 Qg5+ 61. Kb6 Rg2 62. Qd6 Qxg7 63. Qd3+ Kb2 64. Qb5+ Kc3 65. Qc5+ Kd3 66. Qb5+ Ke3 67. Qb3+ Ke4 68. Qe6+ Kf4 69. Qc4+ Kg5 70. Qd5+ Kh4 71. Qe4+ Qg4 72. Qe1+ Kxh5 73. Qh1+ Kg6 74. Qb1+ Qf5 0-1

[Event "SWE-chT 1819 Elite"]
[Site "Sweden"]
[Date "2019.03.31"]
[Round "9.1"]
[White "Berg, Emanuel"]
[Black "Tikkanen, Hans"]
[Result "1/2-1/2"]
[WhiteElo "2536"]
[BlackElo "2527"]
[PlyCount "33"]
[EventDate "2018.11.09"]
[EventType "team-tourn"]
[EventRounds "9"]
[EventCountry "SWE"]
[SourceTitle "CBM 189 Extra"]
[Source "ChessBase"]
[SourceDate "2019.06.03"]
[SourceVersion "1"]
[SourceVersionDate "2019.06.03"]
[SourceQuality "1"]
[WhiteTeam "Wasa"]
[BlackTeam "Lunds"]
[WhiteTeamCountry "SWE"]
[BlackTeamCountry "SWE"]

1. e4 c6 2. d4 d5 3. Nc3 dxe4 4. Nxe4 Nf6 5. Nxf6+ exf6 6. c3 Bd6 7. Bd3 0-0 8. Qf3 c5 9. dxc5 Bxc5 10. Ne2 Nd7 11. Bf4 Ne5 12. Bxe5 fxe5 13. Rd1 Qe7 14. Ng3 Be6 15. 0-0 g6 16. Qe2 f6 17. Bc4 1/2-1/2

[Event "SWE-chT 1718 Elite"]
[Site "Sweden"]
[Date "2018.03.17"]
[Round "8.4"]
[White "Antonsen, Mikkel"]
[Black "Berg, Emanuel"]
[Result "1-0"]
[WhiteElo "2445"]
[BlackElo "2551"]
[PlyCount "129"]
[EventDate "2017.10.20"]
[EventType "team-tourn"]
[EventRounds "9"]
[EventCountry "SWE"]
[SourceTitle "EXT 2019"]
[Source "ChessBase"]
[SourceDate "2018.10.10"]
[SourceVersion "1"]
[SourceVersionDate "2018.10.10"]
[SourceQuality "1"]
[WhiteTeam "Lunds"]
[BlackTeam "Viking Team"]
[WhiteTeamCountry "SWE"]
[BlackTeamCountry "SWE"]

1. d4 Nf6 2. c4 g6 3. Nc3 Bg7 4. e4 d6 5. h3 0-0 6. Be3 c5 7. Nf3 Qa5 8. Bd3 cxd4 9. Nxd4 Nc6 10. 0-0 Bd7 11. Nb3 Qd8 12. c5 Be6 13. cxd6 exd6 14. Nd4 Nxd4 15. Bxd4 Qa5 16. Qf3 Nd7 17. Bxg7 Kxg7 18. Qg3 Ne5 19. Be2 Qb6 20. Rad1 Rac8 21. Rd2 Nc4 22. Bxc4 Rxc4 23. Qxd6 Qxd6 24. Rxd6 b5 25. Nxb5 Rb4 26. Nd4 Bxa2 27. b3 a5 28. Ra1 Bxb3 29. Rxa5 Rb7 30. Kh2 Re8 31. e5 Ree7 32. f4 Bc4 33. f5 Red7 34. f6+ Kh6 35. Nf3 g5 36. Rxd7 Rxd7 37. Nxg5 Bd5 38. h4 Kg6 39. g4 Bc6 40. Ra2 h6 41. e6 hxg5 42. exd7 Bxd7 43. h5+ Kxf6 44. Kg3 Kg7 45. Ra6 Be6 46. Rd6 Kf6 47. Kf3 Kg7 48. Rd8 Kh7 49. Rd1 Kg7 50. Rg1 Bd5+ 51. Ke3 Be6 52. Ke4 Bc8 53. Ke5 Be6 54. Rg3 Bc8 55. Rg1 Be6 56. Rg3 Bc8 57. Kd6 Kf6 58. Kc7 Be6 59. Kd8 Kg7 60. Ke7 Bc8 61. h6+ Kxh6 62. Kxf7 Bxg4 63. Rxg4 Kh5 64. Rg1 g4 65. Kf6 1-0

[Event "SWE-chT 1718 Elite"]
[Site "Sweden"]
[Date "2017.10.21"]
[Round "2.1"]
[White "Grandelius, Nils"]
[Black "Berg, Emanuel"]
[Result "1-0"]
[WhiteElo "2653"]
[BlackElo "2551"]
[PlyCount "81"]
[EventDate "2017.10.20"]
[EventType "team-tourn"]
[EventRounds "9"]
[EventCountry "SWE"]
[SourceTitle "CBM 181 Extra"]
[Source "ChessBase"]
[SourceDate "2017.12.12"]
[SourceVersion "1"]
[SourceVersionDate "2017.12.12"]
[SourceQuality "1"]
[WhiteTeam "Malmo"]
[BlackTeam "Viking Team"]
[WhiteTeamCountry "SWE"]
[BlackTeamCountry "SWE"]

1. d4 Nf6 2. c4 e6 3. Nf3 b6 4. a3 Ba6 5. e3 c5 6. Nc3 cxd4 7. exd4 d6 8. d5 e5 9. Bd3 Be7 10. 0-0 0-0 11. b4 Nbd7 12. a4 Rc8 13. Nd2 e4 14. Be2 Ne5 15. Nb5 Qd7 16. Bb2 Ne8 17. Qb3 f5 18. Bxe5 dxe5 19. c5 Bg5 20. d6+ Kh8 21. Nc4 Qf7 22. Rfd1 Nf6 23. d7 Nxd7 24. Nbd6 Qe7 25. Nxc8 Bxc8 26. Nd6 bxc5 27. Qd5 Nf6 28. Qxc5 Bd7 29. Qxa7 f4 30. Nxe4 Nxe4 31. Rxd7 Qf6 32. Qa6 Qf5 33. Qd3 Qe6 34. Rb7 Nf6 35. Rd1 Qc8 36. Rb5 Re8 37. Rc5 Qe6 38. Qd6 Qf5 39. Bd3 Qg4 40. f3 Qh4 41. Rxe5 1-0

[Event "SWE-ch"]
[Site "Stockholm"]
[Date "2017.07.15"]
[Round "9"]
[White "Blomqvist, Erik"]
[Black "Berg, Emanuel"]
[Result "0-1"]
[WhiteElo "2552"]
[BlackElo "2557"]
[PlyCount "46"]
[EventDate "2017.07.07"]
[EventType "tourn"]
[EventRounds "9"]
[EventCountry "SWE"]
[EventCategory "10"]
[SourceTitle "CBM 179 Extra"]
[Source "ChessBase"]
[SourceDate "2017.08.23"]
[SourceVersion "1"]
[SourceVersionDate "2017.08.23"]
[SourceQuality "1"]

1. e4 c5 2. Nf3 e6 3. d4 cxd4 4. Nxd4 Nf6 5. Nc3 d6 6. g4 h6 7. h4 Nc6 8. Rg1 d5 9. exd5 Nxd5 10. Nxd5 Qxd5 11. Bg2 Qc4 12. Nxc6 bxc6 13. c3 Bd7 14. Qe2 Qa4 15. b3 Qa5 16. Bd2 Be7 17. c4 Qc5 18. Bc3 Bxh4 19. Bxg7 Rg8 20. Bxh6 Rxg4 21. Be3 Qe5 22. Qxg4 Qxe3+ 23. Kd1 Qd3+ 0-1

[Event "SWE-ch"]
[Site "Stockholm"]
[Date "2017.07.13"]
[Round "7"]
[White "Westerberg, Jonathan"]
[Black "Berg, Emanuel"]
[Result "1/2-1/2"]
[WhiteElo "2469"]
[BlackElo "2557"]
[PlyCount "49"]
[EventDate "2017.07.07"]
[EventType "tourn"]
[EventRounds "9"]
[EventCountry "SWE"]
[EventCategory "10"]
[SourceTitle "CBM 179 Extra"]
[Source "ChessBase"]
[SourceDate "2017.08.23"]
[SourceVersion "1"]
[SourceVersionDate "2017.08.23"]
[SourceQuality "1"]

1. e4 e6 2. d4 d5 3. exd5 exd5 4. Nf3 Bd6 5. c4 c6 6. Nc3 Ne7 7. Bd3 0-0 8. c5 Bc7 9. b4 Bf5 10. 0-0 Nd7 11. Bg5 f6 12. Bh4 Re8 13. Bg3 Nf8 14. b5 Qd7 15. Rb1 Ba5 16. bxc6 bxc6 17. Qc2 Bxd3 18. Qxd3 Qf5 19. Qd2 Neg6 20. Rb3 Ne6 21. Ra3 Bb4 22. Rb3 Ba5 23. Ra3 Bb4 24. Rb3 Ba5 25. Ra3 1/2-1/2

[Event "SWE-ch"]
[Site "Stockholm"]
[Date "2017.07.12"]
[Round "6"]
[White "Berg, Emanuel"]
[Black "Grandelius, Nils"]
[Result "1/2-1/2"]
[WhiteElo "2557"]
[BlackElo "2642"]
[PlyCount "139"]
[EventDate "2017.07.07"]
[EventType "tourn"]
[EventRounds "9"]
[EventCountry "SWE"]
[EventCategory "10"]
[SourceTitle "CBM 179 Extra"]
[Source "ChessBase"]
[SourceDate "2017.08.23"]
[SourceVersion "1"]
[SourceVersionDate "2017.08.23"]
[SourceQuality "1"]

1. d4 d5 2. Nf3 Nf6 3. Bf4 e6 4. e3 Bd6 5. Bxd6 Qxd6 6. c4 0-0 7. Nc3 b6 8. cxd5 exd5 9. Rc1 a6 10. Qc2 Bb7 11. Bd3 Nbd7 12. 0-0 Rfe8 13. Na4 Rac8 14. Nc5 bxc5 15. dxc5 Qc6 16. Nd4 Qxc5 17. Qxc5 Nxc5 18. Rxc5 Nd7 19. Ra5 c5 20. Bf5 Red8 21. Nb3 c4 22. Bxd7 Rxd7 23. Nd4 Rd6 24. Rc1 Rb6 25. Rc2 Kf8 26. Kf1 Ke7 27. Ke2 g6 28. Kd1 Kd6 29. Kc1 Rc5 30. Rxc5 Kxc5 31. Kd2 Bc8 32. Kc3 a5 33. b3 Bd7 34. Rb2 Rb7 35. Nf3 Be6 36. Nd2 Bf5 37. a3 Bd3 38. b4+ Kc6 39. Nf3 axb4+ 40. Rxb4 Ra7 41. Nd4+ Kc5 42. Rb5+ Kd6 43. Rb6+ Kc7 44. Rf6 Rxa3+ 45. Kb2 Ra8 46. Rxf7+ Kd6 47. Rxh7 Rf8 48. f4 Re8 49. Rh3 Kc5 50. Kc3 Be4 51. Rh7 Bxg2 52. Rc7+ Kb6 53. Rc6+ Ka5 54. Re6 Rxe6 55. Nxe6 Be4 56. h4 Kb6 57. Kd4 Kc6 58. Ng5 Bd3 59. Nf3 Kd6 60. Ne5 Bf5 61. Nf3 Be4 62. Nd2 Bd3 63. e4 Bxe4 64. Nxe4+ dxe4 65. Kxc4 Ke6 66. Kd4 Kf5 67. Ke3 Kg4 68. Kxe4 Kxh4 69. f5 gxf5+ 70. Kxf5 1/2-1/2